| 000 | 00451cam a2200169ua 4500 | ||
|---|---|---|---|
| 003 | OSt | ||
| 008 | 240216b |||||||| |||| 00| 0 eng d | ||
| 041 | _aeng | ||
| 082 |
_a620.3 _bGER/ME |
||
| 100 |
_aGeradin, M . _96044 |
||
| 245 | _aMechanical vibrations: Theory and application to structural dynamics / | ||
| 250 | _a2 / | ||
| 260 |
_aLondon : _bJohn Wiley & Sons , _c1997. |
||
| 300 | _a425 ; . | ||
| 700 | 1 |
_aRixen, D . _96045 |
|
| 942 | _cBK | ||
| 999 |
_c10482 _d10482 |
||